00305nam a2200121Ia 4500008004100000041000800041082001600049100001700065245002000082260003900102300003000141365001200171240624s9999 xx 000 0 und d aeng a658.152 POR aPORRAS EVA R aCOST OF CAPITAL c2011aNew YorkbPalgrave Macmillan axv, : 246 : p. : cm. ; 24 cGBPb50